| 000 -LEADER |
| fixed length control field |
03163cam a22004338i 4500 |
| 001 - CONTROL NUMBER |
| control field |
21484974 |
| 005 - DATE AND TIME OF LATEST TRANSACTION |
| control field |
20250319095553.0 |
| 008 - FIXED-LENGTH DATA ELEMENTS--GENERAL INFORMATION |
| fixed length control field |
200330s2020 enk b 001 0 eng |
| 010 ## - LIBRARY OF CONGRESS CONTROL NUMBER |
| LC control number |
2020015076 |
| 020 ## - INTERNATIONAL STANDARD BOOK NUMBER |
| International Standard Book Number |
9781509934539 |
| Qualifying information |
(pb) |
| 020 ## - INTERNATIONAL STANDARD BOOK NUMBER |
| Canceled/invalid ISBN |
9781509934553 |
| Qualifying information |
(ePDF) |
| 020 ## - INTERNATIONAL STANDARD BOOK NUMBER |
| Canceled/invalid ISBN |
9781509934546 |
| Qualifying information |
(ePub) |
| 040 ## - CATALOGING SOURCE |
| Original cataloging agency |
DLC |
| Language of cataloging |
eng |
| Description conventions |
rda |
| Transcribing agency |
DLC |
| 042 ## - AUTHENTICATION CODE |
| Authentication code |
pcc |
| 043 ## - GEOGRAPHIC AREA CODE |
| Geographic area code |
e-uk--- |
| 050 00 - LIBRARY OF CONGRESS CALL NUMBER |
| Classification number |
KD660 |
| Item number |
.Z36 2020 |
| 082 00 - DEWEY DECIMAL CLASSIFICATION NUMBER |
| Classification number |
328.41077 |
| Author Mark |
ZAN |
| 100 1# - MAIN ENTRY--PERSONAL NAME |
| Personal name |
Zander, Michael, |
| Relator term |
author. |
| 9 (RLIN) |
128470 |
| 245 14 - TITLE STATEMENT |
| Title |
The law-making process / |
| Statement of responsibility, etc. |
Michael Zander. |
| 250 ## - EDITION STATEMENT |
| Edition statement |
Eighth edition. |
| 263 ## - PROJECTED PUBLICATION DATE |
| Projected publication date |
2007 |
| 264 #1 - PRODUCTION, PUBLICATION, DISTRIBUTION, MANUFACTURE, AND COPYRIGHT NOTICE |
| Place of production, publication, distribution, manufacture |
Oxford ; |
| -- |
New York : |
| Name of producer, publisher, distributor, manufacturer |
Hart Publishing, |
| Date of production, publication, distribution, manufacture, or copyright notice |
2020. |
| 300 ## - PHYSICAL DESCRIPTION |
| Extent |
pages cm |
| 336 ## - CONTENT TYPE |
| Content type term |
text |
| Content type code |
txt |
| Source |
rdacontent |
| 337 ## - MEDIA TYPE |
| Media type term |
unmediated |
| Media type code |
n |
| Source |
rdamedia |
| 338 ## - CARRIER TYPE |
| Carrier type term |
volume |
| Carrier type code |
nc |
| Source |
rdacarrier |
| 504 ## - BIBLIOGRAPHY, ETC. NOTE |
| Bibliography, etc. note |
Includes bibliographical references and index. |
| 505 0# - FORMATTED CONTENTS NOTE |
| Formatted contents note |
Legislation : the Whitehall stage -- Legislation : the Westminster stage -- Statutory interpretation -- Binding precedent : the doctrine of stare decisis -- How precedent works -- Law reporting -- The nature of the judicial role in law-making -- Foreign and other sources of law -- The process of law reform. |
| 520 ## - SUMMARY, ETC. |
| Summary, etc. |
"As a critical, in-depth analysis of the law-making process, this book has no equal. It deals with all the stages and forms of law-making: - the preparation of legislation; - its passage through Parliament; - statutory interpretation; - the operation of the rules of precedent in judicial decision-making; - the many facets of judicial law-making; - the machinery of law reform. The new eighth edition covers the operation of EU law in the UK after Brexit. It also covers pre-Brexit events such as the unprecedented legislation by backbench MPs to stop a No Deal Exit from the EU and the two great Supreme Court decisions over the triggering of Brexit and the prorogation of Parliament. The books draws on a wide range of sources including important new empirical research such as Lord Sumption's 2019 Reith lectures (Trials of the State - Law and the Decline of Politics) and the work of Sir Geoffrey Palmer, former Prime Minister and Justice Minister of New Zealand on The Law Reform Enterprise. There are new sections on the attempt to control the size of the House of Lords, on whether Parliament should have a role in the selection of senior judges and on the topical question whether decisions of the courts on constitutional questions are 'legal' or 'political'"-- |
| Assigning source |
Provided by publisher. |
| 650 #0 - SUBJECT ADDED ENTRY--TOPICAL TERM |
| Topical term or geographic name entry element |
Legislation |
| Geographic subdivision |
Great Britain. |
| 9 (RLIN) |
128471 |
| 650 #0 - SUBJECT ADDED ENTRY--TOPICAL TERM |
| Topical term or geographic name entry element |
Law |
| Geographic subdivision |
Great Britain |
| General subdivision |
Interpretation and construction. |
| 9 (RLIN) |
128472 |
| 650 #0 - SUBJECT ADDED ENTRY--TOPICAL TERM |
| Topical term or geographic name entry element |
Stare decisis |
| Geographic subdivision |
Great Britain. |
| 9 (RLIN) |
128473 |
| 650 #0 - SUBJECT ADDED ENTRY--TOPICAL TERM |
| Topical term or geographic name entry element |
Judicial process |
| Geographic subdivision |
Great Britain. |
| Topical term following geographic name entry element |
Law |
| 9 (RLIN) |
128474 |
| 650 #0 - SUBJECT ADDED ENTRY--TOPICAL TERM |
| Topical term or geographic name entry element |
Law reform |
| Geographic subdivision |
Great Britain. |
| 9 (RLIN) |
128475 |
| 776 08 - ADDITIONAL PHYSICAL FORM ENTRY |
| Relationship information |
Online version: |
| Main entry heading |
Zander, Michael. |
| Title |
The law-making process. |
| Edition |
Eighth edition. |
| Place, publisher, and date of publication |
Oxford ; New York : Hart Publishing, 2020 |
| International Standard Book Number |
9781509934546 |
| Record control number |
(DLC) 2020015077 |
| 906 ## - LOCAL DATA ELEMENT F, LDF (RLIN) |
| a |
7 |
| b |
cbc |
| c |
orignew |
| d |
1 |
| e |
ecip |
| f |
20 |
| g |
y-gencatlg |
| 942 ## - ADDED ENTRY ELEMENTS (KOHA) |
| Source of classification or shelving scheme |
|
| Koha item type |
Book |